000 01968nam a22002297a 4500
999 _c1458
_d1458
003 CoMeUDC
005 20211030104907.0
008 211030b ||||| |||| 00| 0 eng d
040 _cCO-UdeC
082 _a336.2
_bC962
100 _91902
_aCubides Pinto, Benjamín
245 _aNormas y convenios para evitar la doble imposición internacional en el impuesto de renta y en el impuesto al patrimonio en Colombia /
_cBenjamín Cubides Pinto.
260 _aMedellín :
_bCentro de Estudios Tributarios de Antioquia,
_c2010.
300 _a310 p. :
_c24 cm.
500 _aIncluye el texto completo de los 5 convenios (España, Chile, Suiza, Canadá y México) y la Decisión CAN 578.
504 _aIncluye bibliografía
505 _aOrigen del Modelo de Convenio de la OCDE y los modelos ONU y CAN -- La doble tributación -- Los convenios frente al fenómeno de la doble tributación -- Interpretación de los convenios -- Personas comprendidas por los convenios -- Impuestos comprendidos por los convenios -- Establecimiento permanente -- Rentas inmobiliarias -- Beneficios empresariales -- Rentas del transporte marítimo y y aéreo -- Tratamiento especial a empresas asociadas -- Tratamiento de los dividendos -- Tratamiento de los intereses -- Tratamiento de las regalías -- Ganancias de capital -- Rentas derivadas de un empleo -- Otras rentas -- Métodos para evitar la doble imposición -- Cláusulas antiabuso o antielusión -- Reglas para evitar la doble imposición en el impuesto al patrimonio a la luz de los Convenios -- Principio de no discriminación -- Procedimiento amistoso o de acuerdo mutuo -- Normas para evitar la doble imposición en el ámbito de la CAN. Decisión 578 de 2004 -- Texto de los convenios suscritos por Colombia -- Texto de la Decisión 578 de 2004 de la CAN.
650 0 _9399
_aImpuesto de renta.
_zColombia.
650 0 _91903
_aDoble imposición tributaria
650 0 _9266
_aImpuestos
_zColombia
942 _2ddc
_cBK